| 000 | 00000nam##2200000za#4500 |
| 001 | 9.689253 |
| 003 | CaOODSP |
| 005 | 20210624231818 |
| 007 | cr ||||||||||| |
| 008 | 150407|2007||||xxc|||||o f|0| 0 eng|d |
| 020 | |a978-0-662-42356-0 |
| 040 | |aCaOODSP|beng |
| 043 | |an-cn--- |
| 086 | 1 |aH21-248/2007E-PDF |
| 110 | 1 |aCanada. |bHealth Canada. |
| 245 | 10|aPrimary Health Care Transition Fund - summary of initiatives : |h[electronic resource]|bfinal edition |
| 260 | |aOttawa - Ontario : |bHealth Canada |cMarch 2007. |
| 300 | |a156p.|bcoloured illus. |
| 590 | |a12-27-Supp|b2012-06-12 |
| 690 | 07|aHealth policy|2gcpds |
| 775 | 08|tFonds pour l'adaptation des soins de santé primaires - résumé des initiatives : |w(CaOODSP)9.633672 |
| 856 | 40|ahttp://publications.gc.ca|qPDF|s2.53 MB|uhttps://publications.gc.ca/collections/collection_2012/sc-hc/H21-248-2007-eng.pdf |
| 986 | |aHC Pub.: 1254 |